| 000 | 01135nam a22002897a 4500 | ||
|---|---|---|---|
| 003 | OSt | ||
| 005 | 20260327161604.0 | ||
| 008 | 260327t2007 xxu||||| |||| 00| 0 spa d | ||
| 020 | _a968247809X | ||
| 040 |
_aUnicoc _bspa _c00001 _d00001 |
||
| 082 | _a150.1943 | ||
| 100 |
_912851 _aGarcía Cadena, Cirilo Humberto |
||
| 245 |
_aIntroducción al conductismo contemporáneo _cCirilo Humberto García Cadena |
||
| 250 | _a1 Ed. | ||
| 260 |
_aMéxico : _bTrillas , _c2007. |
||
| 300 |
_a39 páginas _bIlustraciones |
||
| 440 |
_94757 _aTemas Básicos de Psicología |
||
| 500 | _aIncluye glosario | ||
| 505 |
_tCapítulo 1. Método y objeto de estudio. -- _tCapítulo 2. Clase de acción respondiente y clase de acción operante. -- |
||
| 526 | _5Unicoc | ||
| 546 | _aEspañol | ||
| 650 | 0 |
_97815 _aConductismo (Psicología) |
|
| 650 | 0 |
_910527 _aPsicopedagogía |
|
| 658 | 0 |
_910741 _aPrograma de Psicología |
|
| 856 |
_yAcceso online exclusivo para comunidad Unicoc. _uhttps://unicoceduco-my.sharepoint.com/:b:/g/personal/direccionbiblioteca_unicoc_edu_co/IQD4GRh8O3afT42xLMJ8wGorAQPCpCfLhUQjs5ZpO_rIpVk |
||
| 942 |
_2ddc _cEBOOK |
||
| 999 |
_c10805 _d10805 |
||